000 00489nam a22001577u 4500
008 130405s2003 xxu||||| |||| 00| 0 spa d
020 _a8484402932
041 _aspa
100 1 _aPrieto Ramiro, Rafael
_929668
245 0 0 _aCáritas Cuaresma y Pascua 2003
_b:Como la gallina a sus polluelos (Lc 13,34)
_cRafael Prieto Ramiro
260 _aMadrid:
_bCáritas Española,
_c2003
300 _a286 p.
_c;21 cm.
650 0 4 _aLiturgia
_xNavidad y adviento
_918909
942 _cBK
001 76800
999 _c255953
_d255953